Manchester United Top Goalscorers Currently Playing - Statistics

General Stats
  • This quiz has been taken 53 times
    34 since last reset
  • The average score is 17 of 20
Answer Stats
Player Club(s) Nationality International League Cups European/Other Total % Correct
Bruno Fernandes Novara (2012-13),Udinese (2013-16), Sampdoria (2016-17), Sporting CP (2017-18), Manchester United (2019-present) Portuguese 19 105 23 27 174
100%
Christian Eriksen Ajax (2009-14),Tottenham Hotspurs (2013-20), Inter Milan (2019-21), Brentford (2021-22), Manchester United (2022-23) Danish 39 82 15 15 151
100%
Marcus Rashford Manchester United (2015-present) English 17 81 22 25 145
97%
Casemiro Sao Paulo (2010-13),Real Madrid (2012-2023), Manchester United (2022-present) Brazilian 7 38 8 8 61
94%
Anthony Martial Lyon (2012-13),Monaco (2013-16), Manchester United (2015-present), Sevilla (loan/2021-22) French 2 81 16 15 114
90%
Antony Sao Paulo (2018-20),Ajax (2020-23), Manchester United (2022-present) Brazilian 2 26 7 6 41
90%
Fred Internacional (2012-13),Shakhtar Donetsk (2013-18), Manchester United (2018-present) Brazilian 0 25 3 9 37
90%
Jadon Sancho Borussia Dortmund (2017-21),Manchester United (2021-present) English 3 47 7 8 65
90%
Donny van de Beek Ajax (2014-20),Manchester United (2020-present), Everton (loan/2021-22) Dutch 3 39 4 9 55
87%
Mason Mount Chelsea (2016-23),Vitesse (loan/2017-18), Derby County (loan/2018-19), Manchester United (2023-present) English 5 44 5 9 63
87%
Harry Maguire Sheffield United (2010-14),Hull City (2014-17), Wigan Athletic (loan/2014-15), Leicester City (2017-19), Manchester United (2019-present) English 7 21 4 3 35
84%
Raphael Varane Lens (2010-11),Real Madrid (2011-21), Manchester United (2021-present) French 5 11 7 2 25
84%
Rasmus Hojlund Copenhagen (2020-22),Sturm Graz (2021-22), Atalanta (2022-23), Manchester United (2023-present) Danish 7 21 4 11 36
84%
Scott McTominay Manchester United (2016-present) Scottish 6 12 5 2 25
84%
Victor Lindelof Vasteras SK (2009-12),Benfica (2012-17), Manchester United (2017-present) Swedish 3 9 0 0 12
84%
Alejandro Garnacho Manchester United (2021-present) Argentinian 0 3 1 2 6
77%
Amad Diallo Atalanta (2019-21),Manchester United (2020-present), Rangers (loan/2021-22), Sunderland (loan/2022-23) Ivorian 1 17 0 2 20
77%
Lisandro Martínez Newell's Old Boys (2016-18),Defensa y Justicia (loan/2017-18), Defensa y Justicia (2018-19), Ajax (2019-22), Manchester United (2022-present) Argentinian 0 10 0 0 10
77%
Luke Shaw Southampton (2011-14),Manchester United (2014-present) English 3 3 1 0 7
74%
Mason Greenwood Manchester United (2018-present) English 0 22 5 9 36
55%
No matching quizzes found
Score Distribution
Percent of People with Each Score
Percentile by Number Answered
Your Score History
You have not taken this quiz since the last reset